Devil Town Lyrics - Cavetown - Statistics

General Stats
  • This quiz has been taken 238 times
  • The average score is 226 of 277
Answer Stats
Lyrics % Correct
a
100%
I
100%
Devil
99%
in
99%
Town
99%
the
95%
fine,
94%
is
94%
my
94%
no
94%
that's
94%
That's
94%
You
94%
you
94%
now
92%
I'll
91%
summertime
91%
and
90%
colder
90%
Dad
90%
daddy
90%
us
90%
gonna
89%
new
89%
so
89%
it
88%
times
88%
another
87%
mind
87%
thousand
87%
at
86%
for
86%
lose
86%
Mum
86%
scare
86%
something
86%
thousand
86%
We're
86%
aren't
85%
alright
84%
hand
84%
Hold
84%
least
84%
one's
84%
love
83%
scared
83%
two
83%
birthdays
82%
make
82%
of
82%
settle
82%
tight,
82%
again
81%
your
81%
Life's
80%
night
80%
we'll
80%
when
79%
catch
78%
little
78%
all
77%
feel
77%
they
77%
with
77%
But
75%
I'm
75%
shoes
75%
safer
74%
get
73%
said
71%
car
70%
dumb
70%
fallen
70%
has
70%
bought
69%
right,
69%
what
69%
brown
67%
'cause
66%
dressing
66%
green
66%
know
66%
still
65%
bad
63%
Just
63%
too
63%
doesn't
62%
say
62%
Spiders
62%
this
62%
white
62%
Falling
61%
our
61%
yours
60%
be
59%
gowns
59%
Mine's
59%
name
59%
She's
59%
way
59%
you've
59%
forgot
58%
mad,
58%
stripy,
58%
think
58%
favorite
57%
remembering
57%
dead
56%
leave
56%
worth
56%
them
55%
they're
54%
nothing's
52%
more
45%
Yeah,
42%
No matching quizzes found
Score Distribution
Percent of People with Each Score
Percentile by Number Answered
Your Score History
You have not taken this quiz